Sabzion ka Incyclopedia , Vegeterian cook book (Record no. 323372)
[ view plain ]
| 000 -LEADER | |
|---|---|
| fixed length control field | 00364 a2200145 4500 |
| 001 - CONTROL NUMBER | |
| control field | 88299 |
| 003 - CONTROL NUMBER IDENTIFIER | |
| control field | NUST |
| 082 ## - DEWEY DECIMAL CLASSIFICATION NUMBER | |
| Classification number | 613.262 TEH |
| 100 ## - MAIN ENTRY--PERSONAL NAME | |
| Personal name | Tahseen Jabbar |
| 9 (RLIN) | 9770 |
| 245 ## - TITLE STATEMENT | |
| Title | Sabzion ka Incyclopedia , Vegeterian cook book |
| Statement of responsibility, etc. | Tahseen Jabbar |
| Medium | urdu |
| 250 ## - EDITION STATEMENT | |
| Edition statement | 1st |
| 260 ## - PUBLICATION, DISTRIBUTION, ETC. | |
| Place of publication, distribution, etc. | Lahore |
| Name of publisher, distributor, etc. | Duaa |
| Date of publication, distribution, etc. | 2003 |
| 300 ## - PHYSICAL DESCRIPTION | |
| Extent | 304p |
| 500 ## - GENERAL NOTE | |
| General note | cook , cooking |
| 942 ## - ADDED ENTRY ELEMENTS (KOHA) | |
| Institution code [OBSOLETE] | CAE NUST |
| Koha item type | Book |
| Call number prefix | 613.262 |
| Source of classification or shelving scheme | |
| Withdrawn status | Lost status | Damaged status | Not for loan | Collection code | Permanent Location | Current Location | Date acquired | Total Checkouts | Full call number | Barcode | Date last seen | Price effective from | Koha item type |
|---|---|---|---|---|---|---|---|---|---|---|---|---|---|
| College of Aeronautical Engineering (CAE) | College of Aeronautical Engineering (CAE) | 04/03/2017 | 613.262 | CAE75389 | 04/05/2017 | 04/05/2017 | Book |
